000 00228as aa2200097a 44500
090 _aSERIADAS
_b00986
245 1 0 _aSmithsonian Features
260 _bSmithsonian Institution
_aEstados Unidos
041 0 _aInglés
942 _cREVISTA
999 _c17135
_d17135